1905 1598 1602 1377 1454 1804 1207 1731 1784 1579 1224 1889 1928 1770 1030 1101 1373 1240 1323 1914 1037 1051 1585 1657 1931 1795 1207 1130 1573 1143 1738 1538 1945 1085 1396 1044 1718 1680 1879 1673 1573 1964 1150 1916 1996 1327 1303 1845 1644 1515 1930 1475 1655 1951 1491 1342 1090 1844 1399 1965 1818 1127 1157 1369 1902 1843 1442 1479 1473 1630 1053 1027 1277 1385 1631 1070 1642 1570 1169 1601 1822 1903 1762 1361 1812 1197 1964 1008 1096 1917 1743 1175 1184 1183 1683 1424 1228 1770 1708 BCNSPRNW ULIB Ver.6.0+V

เปลี่ยนเป็นภาษาไทย

Change to English
 แสดงรายละเอียดบรรณานุกรม
  กลับหน้าหลัก

Brief Record : Get Marc (ISO 2709) : E-mail record : QR code < ปิดหน้าต่าง
LEADER : 00000nam 2200000uu 4500
001    13399114990
003     ULIB
008    120627s2553||||th 000 0 tha d
020    ^a9786160600885
090    ^aนว.^bท466ม 2553
100 0  ^atintin
245 00 ^a(ไม่) รู้ว่า (ไม่) รัก/^ctintin
250    ^aพิมพ์ครั้งที่ 2
260    ^aกรุงเทพฯ :^bแจ่มใส,^c2553
300    ^a202 หน้า
710 1  ^aแจ่มใส
945    ^p169^l0^i17086
995    ^aกัณชพร
999    ^aใช้งานได้ทุกระบบ
รายการนี้ยังไม่มีแท็ก
คุณยังไม่ได้ล็อกอิน คุณสามารถมีกิจกรรมร่วมกับเว็บไซต์ได้ แต่ต้องล็อกอินก่อน ::
  ล็อกอิน

รายการสื่อสารสนเทศ

ลำดับที่ ประเภท เลขเรียก/บาร์โค้ด สถานที่ สถานะ
1. นวนิยาย
นวนิยาย
นว. ท466ม 2553  
  Barcode: 17086
ห้องสมุดวิทยาเขตสวรรค์ประชารักษ์
►นวนิยาย
บนชั้น
  ขอยืม

BibComment


ยังไม่เคยถูกคอมเมนท์

คอมเมนท์ทรัพยากรรายการนี้
  คอมเมนท์: ไม่ รู้ว่า ไม่ ร..


 Copyright 2026. Bcnsprnw @Library